| 000 | 00599nam a2200181Ia 4500 | ||
|---|---|---|---|
| 008 | 151202s9999||||xx |||||||||||||| ||und|| | ||
| 082 | _bPNVM-47682 | ||
| 100 | _aकरंदीकर ज. स. | ||
| 245 | _aश्री समर्थ चरित्र. | ||
| 260 | _bसमर्थ सेवा मंडळ. | ||
| 260 | _c1953 | ||
| 300 | _a168 | ||
| 600 | _aकरंदीकर ज. स. | ||
| 630 | _aश्री समर्थ चरित्र. | ||
| 700 | _aकरंदीकर ज. स. | ||
| 730 | _aश्री समर्थ चरित्र. | ||
| 942 | _cBOOK | ||
| 999 |
_c1313632 _d1313629 |
||